Egypt National Football Team - Statistics

General Stats
  • This quiz has been taken 68 times
    15 since last reset
  • The average score is 4 of 17
Answer Stats
Goals Caps Player % Correct
67 115 Mohamed Salah
100%
33 184 Ahmed Hassan
50%
68 176 Hossam Hassan
50%
14 131 Ibrahim Hassan
50%
3 136 Ahmed Fathy
33%
25 112 Ahmed El Kass
25%
30 63 Amr Zaki
25%
38 100 Mohamed Abou Trika
25%
49 62 Hassan El Shazly
17%
4 112 Abdel Zaher El Saka
8%
27 27 Badawi Abdel Fattah
8%
41 50 El-Sayed El-Dhizui
8%
28 70 Emad Moteab
8%
0 159 Essam El Hadary
8%
3 123 Hany Ramzy
8%
26 66 Moustafa Reyadh
8%
1 114 Wael Gomaa
8%
No matching quizzes found
Score Distribution
Percent of People with Each Score
Percentile by Number Answered
Your Score History
You have not taken this quiz since the last reset